|
|
|
|
| LEADER |
00000nab a2200000 a 4500 |
| 001 |
vtls010117720 |
| 003 |
SK-MaSNL |
| 005 |
20260304183909.0 |
| 008 |
250708|2008 xo |||||||||||||| ||slo |
| 015 |
|
|
|a SNBRA2010/07
|2 snkbucl
|
| 035 |
|
|
|a (uuid)2d0ad6bf-f3db-49a5-8d6c-ad0a21111294
|
| 035 |
|
|
|a urn:nbn:sk:snk-ab16m5
|
| 035 |
|
|
|a (urnnbn)urn:nbn:sk:snk:ar-a03xvh
|
| 038 |
|
|
|a SNKBUCL
|
| 040 |
|
|
|a SNKBUCL
|b slo
|c SNKBUCL
|e AACR2
|
| 041 |
0 |
|
|a slo
|b ger
|
| 044 |
|
|
|a xo
|c SK
|
| 080 |
|
|
|a 903.4"631/634"
|x (437.6)
|2 2001
|
| 080 |
|
|
|a 902.2
|x (437.6)
|x "2006"
|2 2001
|
| 080 |
|
|
|a 94"00/03"
|x (437.6)
|2 2001
|
| 080 |
|
|
|a 94(4)"03/05"
|2 2001
|
| 100 |
1 |
|
|a Bielich, Mário,
|d 1978-
|4 aut
|9 28189
|
| 245 |
1 |
0 |
|a Záchranný archeologický výskum v Tesárskych Mlyňanoch
|c Mário Bielich, Matej Ruttkay
|
| 504 |
|
|
|a Bibliogr. odkazy
|
| 546 |
|
|
|a Res. nem.
|
| 650 |
0 |
7 |
|a sídliská (archeológia)
|2 snkbucl
|9 67918
|
| 650 |
0 |
7 |
|a doba kamenná
|2 snkbucl
|9 49697
|
| 650 |
0 |
7 |
|a doba rímska
|2 snkbucl
|9 85771
|
| 650 |
0 |
7 |
|a sťahovanie národov
|2 snkbucl
|9 19328
|
| 650 |
0 |
7 |
|a archeologické výskumy
|2 snkbucl
|9 74796
|
| 650 |
0 |
7 |
|a archeologické nálezy
|2 snkbucl
|9 4975
|
| 651 |
|
7 |
|a Tesárske Mlyňany (Slovensko)
|2 snkbucl
|9 79101
|
| 655 |
|
7 |
|a výskumné správy
|2 snkbucl
|9 70491
|
| 700 |
1 |
|
|a Ruttkay, Matej,
|d 1961-
|4 aut
|9 8988
|
| 773 |
0 |
|
|t Archeologické výskumy a nálezy na Slovensku v roku 2006
|d Nitra : Archeologický ústav SAV, 2008
|g S. 43-44
|x 0231-925X
|z 9788089315123
|
| 850 |
|
|
|a Slovenská národná knižnica
|
| 852 |
|
|
|a Slovenská národná knižnica
|
| 954 |
|
|
|a odborná, vedecká literatúra pôvodná (slovenská)
|2 lita
|
| 958 |
|
|
|a article27
|
| 958 |
|
|
|a NB
|
| 958 |
|
|
|a OND
|
| 958 |
|
|
|a EUIPO
|
| 999 |
|
|
|c 3036125
|d 3038055
|